Responses for Show #8776 - Monday, January 2, 2023

Ray Lalonde game 13.

Contestants

[<< previous game]

Chris Blair, a development operations manager from Newbury Park, California

Denise Carlon, an attorney from Seaside Heights, New Jersey

Ray Lalonde, a scenic artist from Toronto, Ontario, Canada (whose 12-day cash winnings total $354,300)

[next game >>]

Jeopardy! Round responses

GIVING YOU SOME METALS
THE DOCTOR WILL SEE YOU NOW
LET THERE BE FROGS
GRAND OLE OPRY MEMBERS
3 LETTERS, STARTS WITH "A"
HISTORY COMES ALIVE WITH ERIK LARSON
(Erik: I'm Erik Larson, with clues about some of the books in which I've tried to make history come alive.)
    $200 26
an alloy

Ray
    $200 4
Dr Pepper

Ray
    $200 7
chorus

Ray
    $200 21
Loretta Lynn

Denise
    $200 13
an ale

Ray
    $200 30
Chicago

Ray
    $2,000 25
iron

Denise
    $400 24
Dr. Dre

Denise
    $400 22
a prince

Ray
    $400 20
Garth Brooks

Denise
    $400 12
ahi

Chris
    $400 29
the Lusitania

Denise
    $600 3
zinc

Denise
    $600 18
(Denise: [Pinky to mouth] Who is [*]?)
(Ken: Correct, I wish I could give you $1 million, but you'll have to settle for $600.)
[Laughter]

Dr. Evil

Denise
    $600 17
(Ken: That little guy with the top hat and cane is named [*].)

Michigan J. Frog

Triple Stumper
    $600 19
Reba McEntire

Ray
    $600 11
aft

Denise
    $600 28
Churchill

Denise
    $800 2
(Ray: What is bronze?)

brass

Ray
Triple Stumper
    $800 6
Dr. Scholl's

Denise
    $800 16
Mowgli

Ray
    $800 15
Dolly Parton

Ray
    $800 10
(Denise: What is all?)
...
(Ken: It's a one-[*] play, yes.)

act

DeniseChris
    $800 27
Marconi

Chris
    $1000 1
palladium

Denise
    $1000 5
Doctor Faustus

Ray
    $1000 8
the Horned Frogs

Denise
    $1000 14
(Keith) Urban

Chris
    $1000 9
aga

Ray
    $1000 23
(Ray: What is the SS?)

the gestapo

RayDenise

Scores at the first commercial break (after clue 15):

Ray Denise Chris
$2,600 $3,200 $2,200

Scores at the end of the Jeopardy! Round:

Ray Denise Chris
$3,800 $8,800 $3,000

Double Jeopardy! Round responses

FROM THE NEW TESTAMENT TO THE MAP
WRITERS' MIDDLE NAMES
STATE GOVERNORS
THE CHASE
SACRIFICIAL ROLES
FRIENDS 'TIL THE ENDS
    $400 3
St. Peter's

Ray
    $400 16
(Ken: You just ran that category.)
[Applause]

Christian

Ray
    $400 11
California

Ray
    $400 10
(Ken: Yes.)
(Denise: Nice.)
[Laughter]

tequila

Denise
    $400 21
Han Solo

Chris
    $400 26
Allies

Denise
    $800 1
Magdalene

Ray
    $800 15
Butler

Ray
    $800 22
Ann Richards

Denise
    $800 9
chasing his tail

Chris
    $800 20
Black Widow

Chris
    $800 27
chum

Chris
    $4,000 5
(Ray: Who is... Saint... Nicholas?)

Columbus

Ray
    $1200 14
(Ken: Emerson, you got it.)

Waldo

Ray
    $1200 23
Homeland Security

Chris
    $1200 8
steeplechase

Denise
    $1200 19
(Denise: What is The Fresh Prince of Bel-Air?)

Carlton

DeniseChris
    $1200 28
bon ami(e)

Ray
    $1600 4
Munich

Triple Stumper
    $1600 13
George

Ray
    $1600 24
Blagojevich

Denise
    $1600 7
The French Connection

Ray
    $1600 18
The Exorcist

Ray
    $1600 29
Companion

Ray
    $2000 2
St. Mark's

Denise
    $2000 12
Staples

Ray
    $2000 25
Florida

Denise
    $2000 6
Chattanooga

Ray
    $2000 17
Hodor

Ray
    $1,300 30
(Ray: [Sighs] What is a... cadre?)

a cohort

Ray

Scores at the end of the Double Jeopardy! Round:

Ray Denise Chris
$16,100 $16,000 $8,200

[wagering suggestions for these scores]

Final Jeopardy! Round responses

HISTORIC CRIMES
(Ken: [To Denise] Stolen from the Louvre.)
ChrisWhat is The shroud of turin
$0
DeniseWhat is the Mona Lisa?
$16,000
RayWhat is the Mona Lisa?
$16,000
the Mona Lisa

Final scores:

Ray Denise Chris
$32,100 $32,000 $8,200
13-day champion: $386,400 2nd place: $2,000 3rd place: $1,000

Game dynamics:

Coryat scores:

Ray Denise Chris
$21,400 $14,400 $8,200
25 R,
4 W
(including 2 DDs)
20 R
(including 1 DD),
2 W
10 R,
0 W

Combined Coryat: $44,000

[game clues] [game scores] [suggest correction]

Game tape date: 2022-11-14
The J! Archive is created by fans, for fans. Scraping, republication, monetization, and malicious use prohibited; this site may use cookies and collect identifying information. See terms. The Jeopardy! game show and all elements thereof, including but not limited to copyright and trademark thereto, are the property of Jeopardy Productions, Inc. and are protected under law. This website is not affiliated with, sponsored by, or operated by Jeopardy Productions, Inc. Join the discussion at JBoard.tv.